[Event "Maastricht Limburg op-C 8th"]
[Site "Maastricht"]
[Date "2014.06.09"]
[Round "7"]
[White "Muntean, Adrian"]
[Black "Jedamczik, Kai"]
[Result "1-0"]
[WhiteElo "1000"]
[BlackElo "1492"]
[PlyCount "134"]
[EventDate "2014.06.06"]
[EventType "swiss"]
[EventRounds "7"]
[EventCountry "NED"]
[SourceTitle "EXT 2015"]
[Source "ChessBase"]
[SourceDate "2014.11.20"]
[SourceVersion "1"]
[SourceVersionDate "2014.11.20"]
[SourceQuality "1"]

1. e4 d5 2. exd5 Qxd5 3. Nc3 Qe6+ 4. Qe2 Qxe2+ 5. Bxe2 Nc6 6. Nf3 Nb4 7. Bd3 Nxd3+ 8. cxd3 c6 9. 0-0 Nf6 10. b3 Bf5 11. Ne5 Rd8 12. Ba3 Bxd3 13. Nxd3 Rxd3 14. Bc5 a6 15. Rad1 Nd7 16. Ba3 e5 17. Bb2 f5 18. f4 Bc5+ 19. Kh1 e4 20. Na4 0-0 21. Nxc5 Nxc5 22. Ba3 b6 23. Rfe1 Rfd8 24. Bb4 Ne6 25. g3 c5 26. Bc3 b5 27. b4 c4 28. a4 g5 29. axb5 axb5 30. fxg5 Nxg5 31. Bf6 Nf3 32. Rf1 R8d6 33. Bc3 Rh6 34. Rf2 Rg6 35. Ra1 h5 36. Ra8+ Kf7 37. Ra7+ Ke8 38. Ra8+ Rd8 39. Rxd8+ Kxd8 40. Kg2 Kd7 41. Rf1 h4 42. Ra1 hxg3 43. hxg3 f4 44. Ra7+ Kc8 45. Rg7 Rxg7 46. Bxg7 fxg3 47. Bc3 Kd7 48. Kxg3 Ke6 49. Kf4 Kd5 50. Ke3 Ne1 51. Ke2 Nc2 52. Kd1 Nd4 53. Ke1 Nf3+ 54. Ke2 Ke6 55. Ke3 Kf5 56. Bg7 Ne1 57. Ke2 Nc2 58. Bc3 Kf4 59. Kd1 e3 60. Kxc2 e2 61. d3 cxd3+ 62. Kxd3 Kf3 63. Kd4 Kf4 64. Kc5 Ke4 65. Kxb5 Kd3 66. Be1 Kd4 67. Kc6 Kc4 1-0

[Event "Maastricht Limburg op-C 8th"]
[Site "Maastricht"]
[Date "2014.06.08"]
[Round "5"]
[White "Muntean, Adrian"]
[Black "Schulte, Philipp"]
[Result "1/2-1/2"]
[WhiteElo "1000"]
[BlackElo "1417"]
[PlyCount "46"]
[EventDate "2014.06.06"]
[EventType "swiss"]
[EventRounds "7"]
[EventCountry "NED"]
[SourceTitle "EXT 2015"]
[Source "ChessBase"]
[SourceDate "2014.11.20"]
[SourceVersion "1"]
[SourceVersionDate "2014.11.20"]
[SourceQuality "1"]

1. e4 c5 2. d4 cxd4 3. c3 dxc3 4. Nxc3 Nc6 5. Nf3 Qc7 6. Nd5 Qd8 7. Bd3 e6 8. Nc3 d6 9. Bb5 a6 10. Ba4 b5 11. Bb3 Bb7 12. 0-0 Nf6 13. Bg5 Be7 14. Re1 Rc8 15. Bc2 0-0 16. a3 Qc7 17. Qd3 Ne5 18. Nxe5 dxe5 19. Qg3 Nh5 20. Qg4 Bxg5 21. Qxg5 g6 22. Bd1 Kh8 23. Bxh5 gxh5 1/2-1/2